000
00300nam a22001337a 4500
008
170307b xxu||||| |||| 00| 0 eng d
020
_a
9780323022422
041
_a
eng
080
_2
12 ED
_a
611
100
_a
6
101
_a
SHM
245
_a
STRUCTURE FUNCTION BODY
_c
THIBODEAU.G.A
942
_2
udc
_c
BK
999
_c
7000
_d
7000